Países que terminan con a - Estadísticas

Estadísticas generales
  • Esta prueba ha sido intentada 452 veces
  • La puntuación promedio es 74 de 94
Estadísticas de respuestas
Respuesta % Correcto
Argentina
99%
España
97%
Canadá
96%
Rusia
96%
Alemania
95%
Francia
95%
Australia
93%
China
93%
Colombia
91%
Islandia
91%
Finlandia
90%
Irlanda
90%
Italia
90%
Suecia
90%
India
89%
Noruega
89%
Venezuela
89%
Lituania
88%
Panamá
88%
Albania
87%
Austria
87%
Dinamarca
87%
Andorra
86%
Bélgica
86%
Cuba
86%
Polonia
86%
Suiza
86%
Estonia
85%
Grecia
85%
Letonia
85%
Argelia
84%
Armenia
84%
Eslovaquia
84%
Croacia
83%
Eslovenia
83%
Guatemala
83%
República Dominicana
83%
Nueva Zelanda
82%
Rumanía
82%
Sudáfrica
82%
Ucrania
82%
Indonesia
81%
Zambia
81%
Angola
80%
Bolivia
80%
Bielorrusia
79%
Bulgaria
79%
Costa Rica
79%
Nicaragua
79%
República Checa
79%
Serbia
79%
Turquía
79%
Guinea
78%
Hungría
78%
Kenia
78%
Jamaica
77%
Malta
77%
Tailandia
77%
Libia
76%
Mongolia
76%
Tanzania
76%
Moldavia
75%
Nigeria
75%
Somalia
75%
Bosnia
74%
Georgia
74%
Uganda
74%
Etiopía
73%
Ghana
73%
Antigua y Barbuda
72%
Gambia
72%
Guyana
72%
Namibia
72%
Granada
71%
Jordania
71%
Mauritania
71%
Siria
71%
Dominica
70%
Ruanda
70%
Malasia
69%
Liberia
68%
Eritrea
67%
Santa Lucia
67%
Arabia Saudita
65%
Botsuana
65%
Camboya
65%
República Centroafricana
62%
Papúa Nueva Guinea
60%
Samoa
60%
Sierra Leona
60%
Sri Lanka
59%
Tonga
58%
Micronesia
55%
Palestina
24%
No se encontraron pruebas coincidentes
Distribución de puntuación
Porcentaje de gente con cada puntuación
Porcentaje por número respondido
Historial de tus puntuaciones
No has intentado esta prueba.